[Event "Maisonneuve mem."]
[Site "Gatineau CAN"]
[Date "2011.11.01"]
[Round "2"]
[White "Berthiaume, Serge"]
[Black "Gagnon, Fabien"]
[Result "0-1"]
[WhiteElo "1417"]
[BlackElo "1955"]
[PlyCount "56"]
[GameId "2160767909647865"]
[EventDate "2011.10.25"]
[EventType "swiss"]
[EventRounds "4"]
[EventCountry "CAN"]
[SourceTitle "EXT 2022"]
[Source "ChessBase"]
[SourceDate "2021.10.06"]
[SourceVersion "1"]
[SourceVersionDate "2021.10.06"]
[SourceQuality "1"]

1. e4 c5 2. Bc4 e6 3. Nf3 a6 4. a4 Nc6 5. Nc3 Nge7 6. O-O Nd4 7. Re1 Nec6 8. Na2 b5 9. Nxd4 Nxd4 10. c3 bxc4 11. cxd4 cxd4 12. b3 cxb3 13. Qxb3 Be7 14. Qc4 Qb6 15. d3 O-O 16. Bd2 Rb8 17. Bf4 d6 18. Nc1 e5 19. Bg3 Be6 20. Qc2 Rfc8 21. Qd2 Qb2 22. Qxb2 Rxb2 23. f4 f6 24. Re2 Rxc1+ 25. Rxc1 Rxe2 26. f5 Bb3 27. Kf1 Rc2 28. Ra1 d5 0-1

[Event "Maisonneuve mem."]
[Site "Gatineau CAN"]
[Date "2011.11.01"]
[Round "2"]
[White "Danilov, Alex"]
[Black "Pilon, Robert"]
[Result "1-0"]
[WhiteElo "1745"]
[BlackElo "1465"]
[PlyCount "97"]
[GameId "2160767909647866"]
[EventDate "2011.10.25"]
[EventType "swiss"]
[EventRounds "4"]
[EventCountry "CAN"]
[SourceTitle "EXT 2022"]
[Source "ChessBase"]
[SourceDate "2021.10.06"]
[SourceVersion "1"]
[SourceVersionDate "2021.10.06"]
[SourceQuality "1"]

1. c4 Nf6 2. g3 c5 3. Bg2 Nc6 4. Nc3 g6 5. e4 Bg7 6. Nge2 e5 7. O-O d6 8. d3 O-O 9. h3 Be6 10. Kh2 Nd4 11. Be3 Rb8 12. Qd2 Qd7 13. f4 Bh6 14. fxe5 Bxe3 15. Qxe3 Nc2 16. Qd2 Nxa1 17. exf6 Kh8 18. Nd5 Bxd5 19. cxd5 Qd8 20. Qc1 Re8 21. Qxa1 Re5 22. Qc1 Qd7 23. Qh6 Rg8 24. g4 g5 25. d4 Rg6 26. Qh5 cxd4 27. Nxd4 Qe8 28. Nf3 Rxe4 29. Kh1 Rf4 30. Nxg5 Rxf1+ 31. Bxf1 Qg8 32. Ne4 Qc8 33. Qh4 Qc1 34. Qf2 Rh6 35. Kg2 Qc7 36. Bd3 b6 37. Qf5 Qc1 38. Ng5 Qd2+ 39. Kf3 Qd1+ 40. Ke3 Qe1+ 41. Be2 Qc1+ 42. Kf2 Qc5+ 43. Kg2 Qc7 44. Bd3 Rg6 45. Nxh7 Kxh7 46. Qh5+ Kg8 47. Bxg6 fxg6 48. Qxg6+ Kf8 49. h4 1-0

[Event "Maisonneuve mem."]
[Site "Gatineau CAN"]
[Date "2011.11.01"]
[Round "2"]
[White "Laurin, Marcel"]
[Black "Beland, Guy"]
[Result "0-1"]
[WhiteElo "1561"]
[BlackElo "1440"]
[PlyCount "60"]
[GameId "2160767909647867"]
[EventDate "2011.10.25"]
[EventType "swiss"]
[EventRounds "4"]
[EventCountry "CAN"]
[SourceTitle "EXT 2022"]
[Source "ChessBase"]
[SourceDate "2021.10.06"]
[SourceVersion "1"]
[SourceVersionDate "2021.10.06"]
[SourceQuality "1"]

1. d4 Nf6 2. c4 g6 3. Nc3 Bg7 4. e4 O-O 5. Be3 d6 6. Be2 Nc6 7. g4 e5 8. d5 Nd4 9. Bxd4 exd4 10. Nb5 Nxe4 11. Qd3 Nc5 12. Qd2 Re8 13. O-O-O Ne4 14. Qf4 Qh4 15. Nf3 Qxf2 16. Nbxd4 g5 17. Qxf7+ Kxf7 18. Rhf1 Qe3+ 19. Kb1 Kg8 20. Rd3 Qf4 21. Nb5 Bxg4 22. Nxc7 Bxf3 23. Kc2 Qxh2 24. Rfxf3 Qxe2+ 25. Kc1 Bxb2+ 26. Kb1 Nc3+ 27. Rxc3 Bxc3 28. Rxc3 Re3 29. Rxe3 Qxe3 30. Nxa8 g4 0-1

[Event "Maisonneuve mem."]
[Site "Gatineau CAN"]
[Date "2011.11.01"]
[Round "2"]
[White "Legare, Gilles"]
[Black "Legault, Stephane"]
[Result "0-1"]
[WhiteElo "1125"]
[BlackElo "1522"]
[PlyCount "86"]
[GameId "2160767909647868"]
[EventDate "2011.10.25"]
[EventType "swiss"]
[EventRounds "4"]
[EventCountry "CAN"]
[SourceTitle "EXT 2022"]
[Source "ChessBase"]
[SourceDate "2021.10.06"]
[SourceVersion "1"]
[SourceVersionDate "2021.10.06"]
[SourceQuality "1"]

1. e4 e5 2. Nf3 Nc6 3. Bb5 Nd4 4. a4 Nxb5 5. axb5 d6 6. c4 b6 7. d3 Bb7 8. b3 a6 9. Nc3 axb5 10. Nxb5 Rxa1 11. O-O c6 12. Nc3 g6 13. Qe2 Ra8 14. Be3 Bh6 15. Na4 Bxe3 16. Qxe3 c5 17. Nc3 Nf6 18. Qg5 h6 19. Qd2 Bc6 20. Nb5 Bxb5 21. cxb5 Qd7 22. Qc3 O-O 23. Qc4 Ra5 24. Nd2 Rxb5 25. f4 Rb4 26. Qc2 Ng4 27. Rf3 Ra8 28. f5 Ra1+ 29. Nf1 g5 30. h3 Nf6 31. Kh2 Qb5 32. Nd2 Qa6 33. Nc4 Ra2 34. Qc3 b5 35. Ne3 Qa3 36. Qe1 Rxb3 37. Ng4 Nxg4+ 38. hxg4 Ra1 39. Qg3 Rbb1 40. Qf2 Qc1 41. Rh3 Qf4+ 42. Qxf4 exf4 43. Rxh6 Rh1# 0-1

[Event "Maisonneuve mem."]
[Site "Gatineau CAN"]
[Date "2011.11.01"]
[Round "2"]
[White "Martin, Steve"]
[Black "Cossette, Daniel"]
[Result "1-0"]
[WhiteElo "1684"]
[BlackElo "2039"]
[PlyCount "67"]
[GameId "2160767909647869"]
[EventDate "2011.10.25"]
[EventType "swiss"]
[EventRounds "4"]
[EventCountry "CAN"]
[SourceTitle "EXT 2022"]
[Source "ChessBase"]
[SourceDate "2021.10.06"]
[SourceVersion "1"]
[SourceVersionDate "2021.10.06"]
[SourceQuality "1"]

1. e4 c5 2. Nc3 Nc6 3. g3 g6 4. Bg2 Bg7 5. Nge2 d6 6. d3 e5 7. O-O Nge7 8. Be3 O-O 9. f4 exf4 10. Nxf4 Nd4 11. Ncd5 Nxd5 12. Nxd5 Be6 13. Nf4 Bd7 14. c3 Ne6 15. Nd5 Bc6 16. Rf2 Bxd5 17. exd5 Nc7 18. Qd2 Qd7 19. Bh6 Rae8 20. Bxg7 Kxg7 21. Qf4 Re5 22. d4 Rf5 23. Qg4 h5 24. Qh3 cxd4 25. Be4 dxc3 26. bxc3 Qb5 27. Rxf5 gxf5 28. Qxf5 Rh8 29. Rf1 Qe8 30. Qf6+ Kg8 31. Rf5 Rh7 32. Rg5+ Kf8 33. Bxh7 Qe3+ 34. Kg2 1-0

[Event "Maisonneuve mem."]
[Site "Gatineau CAN"]
[Date "2011.11.01"]
[Round "2"]
[White "Menard, Marc"]
[Black "Morones, Oliver"]
[Result "1-0"]
[WhiteElo "1478"]
[BlackElo "1222"]
[PlyCount "93"]
[GameId "2160767909647870"]
[EventDate "2011.10.25"]
[EventType "swiss"]
[EventRounds "4"]
[EventCountry "CAN"]
[SourceTitle "EXT 2022"]
[Source "ChessBase"]
[SourceDate "2021.10.06"]
[SourceVersion "1"]
[SourceVersionDate "2021.10.06"]
[SourceQuality "1"]

1. e4 d6 2. d4 e6 3. Nf3 h6 4. Bc4 a6 5. O-O g5 6. Nc3 g4 7. Ne1 h5 8. g3 Be7 9. Ng2 c6 10. f4 b5 11. Bb3 Nd7 12. f5 e5 13. Be3 Bf6 14. a4 b4 15. Ne2 h4 16. gxh4 Bxh4 17. Bf2 Bg5 18. c3 Qf6 19. cxb4 Qh6 20. Bg3 Ngf6 21. Nc3 Bb7 22. b5 axb5 23. axb5 Rxa1 24. Qxa1 Be3+ 25. Nxe3 Qxe3+ 26. Bf2 Qh3 27. Bg3 c5 28. d5 Ke7 29. Qa7 Rb8 30. b6 Qh8 31. Ba4 Qc8 32. Qa5 Ra8 33. Qb5 Nb8 34. Rc1 Nfd7 35. Bh4+ f6 36. Be1 Ra6 37. Qe2 Qg8 38. Qg2 Rxb6 39. h3 Qg5 40. Bd2 Rxb2 41. Bxg5 Rxg2+ 42. Kxg2 fxg5 43. hxg4 Nb6 44. Rb1 Nxa4 45. Rxb7+ Nd7 46. Nxa4 c4 47. Nb6 1-0

[Event "Maisonneuve mem."]
[Site "Gatineau CAN"]
[Date "2011.11.01"]
[Round "2"]
[White "Morel, Joseph"]
[Black "Guimond, Michel"]
[Result "0-1"]
[WhiteElo "1575"]
[BlackElo "1945"]
[PlyCount "54"]
[GameId "2160767909647871"]
[EventDate "2011.10.25"]
[EventType "swiss"]
[EventRounds "4"]
[EventCountry "CAN"]
[SourceTitle "EXT 2022"]
[Source "ChessBase"]
[SourceDate "2021.10.06"]
[SourceVersion "1"]
[SourceVersionDate "2021.10.06"]
[SourceQuality "1"]

1. e4 e6 2. d4 d5 3. e5 c5 4. c3 Nc6 5. Nf3 Bd7 6. Bd3 Qc7 7. Na3 a6 8. O-O h6 9. Bd2 c4 10. Be2 g5 11. h3 O-O-O 12. Nc2 f6 13. exf6 Nxf6 14. b3 g4 15. hxg4 Nxg4 16. bxc4 dxc4 17. Ne3 h5 18. Nxc4 Bh6 19. Rb1 b5 20. Bxh6 Rxh6 21. Ncd2 Rf8 22. a4 Rhf6 23. g3 h4 24. Qe1 hxg3 25. axb5 g2 26. Kxg2 Rg8 27. Rh1 Ne3+ 0-1

[Event "Maisonneuve mem."]
[Site "Gatineau CAN"]
[Date "2011.11.01"]
[Round "2"]
[White "Simard, Paul"]
[Black "Arsenault, Yves"]
[Result "0-1"]
[WhiteElo "1165"]
[BlackElo "1538"]
[PlyCount "76"]
[GameId "2160767909647872"]
[EventDate "2011.10.25"]
[EventType "swiss"]
[EventRounds "4"]
[EventCountry "CAN"]
[SourceTitle "EXT 2022"]
[Source "ChessBase"]
[SourceDate "2021.10.06"]
[SourceVersion "1"]
[SourceVersionDate "2021.10.06"]
[SourceQuality "1"]

1. e4 c5 2. Nf3 Nc6 3. d3 e5 4. Nc3 d6 5. g3 Nf6 6. Bg2 Be7 7. O-O O-O 8. Be3 a6 9. a3 b5 10. Qd2 Nd4 11. Ne2 Ng4 12. Bxd4 cxd4 13. b4 Bb7 14. c3 dxc3 15. Nxc3 Rc8 16. Rac1 Re8 17. Bh3 h5 18. Rfe1 Rc7 19. Qa2 Nf6 20. Ng5 Bf8 21. Nxf7 Rxf7 22. Be6 Rxe6 23. Qxe6 Bc8 24. Qa2 Qd7 25. Nd1 Ng4 26. Ne3 Nxf2 27. Nf5 Nxd3 28. Nh4 Nxe1 29. Rxe1 Qa7+ 30. Kg2 Kh7 31. Rf1 Rxf1 32. Kxf1 Bh3+ 33. Ke2 Bg4+ 34. Kf1 g5 35. Nf5 Qb7 36. Qc2 Bxf5 37. exf5 Qh1+ 38. Kf2 Qxh2+ 0-1

[Event "Maisonneuve mem."]
[Site "Gatineau CAN"]
[Date "2011.11.01"]
[Round "2"]
[White "Villeneuve, Luc"]
[Black "Libersan, Mattieu"]
[Result "0-1"]
[WhiteElo "1533"]
[BlackElo "1819"]
[PlyCount "62"]
[GameId "2160767909647873"]
[EventDate "2011.10.25"]
[EventType "swiss"]
[EventRounds "4"]
[EventCountry "CAN"]
[SourceTitle "EXT 2022"]
[Source "ChessBase"]
[SourceDate "2021.10.06"]
[SourceVersion "1"]
[SourceVersionDate "2021.10.06"]
[SourceQuality "1"]

1. Nf3 Nf6 2. g3 g6 3. Bg2 Bg7 4. c4 O-O 5. O-O d6 6. h3 c5 7. Nc3 Nc6 8. d3 e6 9. Bd2 d5 10. cxd5 exd5 11. Qc1 b6 12. Bh6 Bb7 13. Bxg7 Kxg7 14. Qf4 d4 15. Ne4 Nxe4 16. dxe4 Qe7 17. a3 Rae8 18. Ne1 f5 19. exf5 Rxf5 20. Qc1 Qxe2 21. b4 c4 22. Nc2 Rf3 23. b5 Ne5 24. Nxd4 Rxg3 25. Nxe2 Rxg2+ 26. Kh1 Rxf2+ 27. Kg1 Rg2+ 28. Kh1 Rg5+ 29. Kh2 Nf3+ 30. Kh1 Nh4+ 31. Kh2 Rxe2+ 0-1

[Event "Maisonneuve mem."]
[Site "Gatineau CAN"]
[Date "2011.11.08"]
[Round "3"]
[White "Arsenault, Yves"]
[Black "Bellgrau, Marian"]
[Result "0-1"]
[WhiteElo "1538"]
[BlackElo "1847"]
[PlyCount "60"]
[GameId "2160767909647874"]
[EventDate "2011.10.25"]
[EventType "swiss"]
[EventRounds "4"]
[EventCountry "CAN"]
[SourceTitle "EXT 2022"]
[Source "ChessBase"]
[SourceDate "2021.10.06"]
[SourceVersion "1"]
[SourceVersionDate "2021.10.06"]
[SourceQuality "1"]

1. e4 e6 2. d4 d5 3. Nd2 Nf6 4. e5 Ng8 5. Ngf3 c5 6. c3 Nc6 7. Be2 Qb6 8. Nb3 cxd4 9. cxd4 Bb4+ 10. Bd2 Nge7 11. O-O a5 12. Be3 Nf5 13. Rc1 a4 14. Na1 Nxe3 15. fxe3 Be7 16. Rb1 O-O 17. Bd3 Nb4 18. a3 Nxd3 19. Qxd3 Bd7 20. Qd2 Bb5 21. Rfc1 Qa6 22. Nc2 Bd3 23. Nfe1 Bg6 24. b4 axb3 25. Rxb3 f6 26. exf6 Rxf6 27. Nd3 Raf8 28. Rcb1 Be4 29. Re1 Bd6 30. Rbb1 Bxd3 0-1

[Event "Maisonneuve mem."]
[Site "Gatineau CAN"]
[Date "2011.11.08"]
[Round "3"]
[White "Beland, Guy"]
[Black "Morel, Joseph"]
[Result "0-1"]
[WhiteElo "1440"]
[BlackElo "1575"]
[PlyCount "68"]
[GameId "2160767909647875"]
[EventDate "2011.10.25"]
[EventType "swiss"]
[EventRounds "4"]
[EventCountry "CAN"]
[SourceTitle "EXT 2022"]
[Source "ChessBase"]
[SourceDate "2021.10.06"]
[SourceVersion "1"]
[SourceVersionDate "2021.10.06"]
[SourceQuality "1"]

1. e4 c5 2. Nf3 e6 3. d4 cxd4 4. Nxd4 Nf6 5. Nc3 Nc6 6. Nxc6 bxc6 7. Be2 d5 8. exd5 cxd5 9. O-O Be7 10. Be3 O-O 11. Qd4 a5 12. a3 Ba6 13. b4 Bxe2 14. Nxe2 Ne4 15. f3 Bf6 16. Qd3 Bxa1 17. fxe4 Bf6 18. b5 Be7 19. e5 Rc8 20. Nd4 Bc5 21. c3 Bxd4 22. cxd4 Rc4 23. Rb1 Qb6 24. Qf1 Rc3 25. Bc1 Qxd4+ 26. Kh1 Qb6 27. Bb2 Rc2 28. h4 Rfc8 29. Rc1 Rxc1 30. Bxc1 a4 31. h5 h6 32. Bd2 Rc4 33. Kh2 Qxb5 34. Qf2 Rc2 0-1

[Event "Maisonneuve mem."]
[Site "Gatineau CAN"]
[Date "2011.11.08"]
[Round "3"]
[White "Dagenais, Benoit"]
[Black "Menard, Marc"]
[Result "0-1"]
[WhiteElo "1686"]
[BlackElo "1478"]
[PlyCount "46"]
[GameId "2160767909647876"]
[EventDate "2011.10.25"]
[EventType "swiss"]
[EventRounds "4"]
[EventCountry "CAN"]
[SourceTitle "EXT 2022"]
[Source "ChessBase"]
[SourceDate "2021.10.06"]
[SourceVersion "1"]
[SourceVersionDate "2021.10.06"]
[SourceQuality "1"]

1. e4 e5 2. Nf3 Nc6 3. Bc4 Nf6 4. Ng5 d5 5. exd5 Na5 6. Bb5+ c6 7. dxc6 bxc6 8. Be2 h6 9. Nf3 e4 10. Ne5 Bd6 11. d4 exd3 12. Nxd3 Qc7 13. h3 O-O 14. O-O Re8 15. Bf3 Ba6 16. Bd2 Nc4 17. Bc3 Rad8 18. Re1 Ne5 19. Be2 c5 20. Nd2 Bb7 21. Nxe5 Bxe5 22. Bb5 Re7 23. Qe2 Bh2+ 0-1

[Event "Maisonneuve mem."]
[Site "Gatineau CAN"]
[Date "2011.11.08"]
[Round "3"]
[White "Desjardins, Michel"]
[Black "Villeneuve, Luc"]
[Result "1-0"]
[WhiteElo "1862"]
[BlackElo "1533"]
[PlyCount "123"]
[GameId "2160767909647877"]
[EventDate "2011.10.25"]
[EventType "swiss"]
[EventRounds "4"]
[EventCountry "CAN"]
[SourceTitle "EXT 2022"]
[Source "ChessBase"]
[SourceDate "2021.10.06"]
[SourceVersion "1"]
[SourceVersionDate "2021.10.06"]
[SourceQuality "1"]

1. e4 g6 2. d4 Bg7 3. Nc3 d6 4. Be3 c6 5. Qd2 b5 6. Bd3 Bb7 7. f3 a6 8. Nh3 Nd7 9. Nf2 c5 10. Be2 cxd4 11. Bxd4 Ngf6 12. Ng4 e5 13. Nxf6+ Nxf6 14. Be3 d5 15. exd5 Nxd5 16. Nxd5 Qxd5 17. Qb4 Bf8 18. Qa5 Be7 19. O-O O-O 20. Rfd1 Qc6 21. Rac1 Rfd8 22. Bd3 Bc5 23. Bxc5 Qxc5+ 24. Kh1 Qe3 25. Re1 Qf4 26. Rf1 Qd4 27. Qe1 Rac8 28. Rb1 f5 29. Qf2 Qxf2 30. Rxf2 e4 31. fxe4 fxe4 32. Bf1 e3 33. Re2 Re8 34. Rbe1 Re5 35. Rxe3 Rxe3 36. Rxe3 Rxc2 37. Rd3 Rc7 38. Kg1 Kg7 39. Rd6 Kf8 40. Bd3 Kg7 41. g3 Rc1+ 42. Kf2 Rc7 43. Ke3 Kf8 44. h4 Ke7 45. Rb6 Kf8 46. Kf4 Re7 47. a3 Kg7 48. Rd6 Kf7 49. h5 Kg7 50. hxg6 hxg6 51. Rxg6+ Kf8 52. Rh6 Rf7+ 53. Kg5 Rg7+ 54. Rg6 Rc7 55. g4 Rc5+ 56. Bf5 a5 57. Rb6 Bc6 58. Kf6 Be8 59. Rb8 Rc6+ 60. Be6 Rc7 61. g5 Rg7 62. Rxe8+ 1-0

[Event "Maisonneuve mem."]
[Site "Gatineau CAN"]
[Date "2011.11.08"]
[Round "3"]
[White "Gagnon, Fabien"]
[Black "Scantland, Patrick"]
[Result "1-0"]
[WhiteElo "1955"]
[BlackElo "1751"]
[PlyCount "117"]
[GameId "2160767909647878"]
[EventDate "2011.10.25"]
[EventType "swiss"]
[EventRounds "4"]
[EventCountry "CAN"]
[SourceTitle "EXT 2022"]
[Source "ChessBase"]
[SourceDate "2021.10.06"]
[SourceVersion "1"]
[SourceVersionDate "2021.10.06"]
[SourceQuality "1"]

1. Nf3 c5 2. e4 d6 3. d4 cxd4 4. Nxd4 Nf6 5. Nc3 a6 6. f3 e5 7. Nb3 Be6 8. Bg5 Nbd7 9. Qd2 Rc8 10. Be2 Be7 11. O-O O-O 12. Rad1 b5 13. a3 h6 14. Be3 Nb6 15. Qe1 Qc7 16. Qf2 Nc4 17. Bxc4 Bxc4 18. Rfe1 Nd7 19. Na1 Be6 20. Nd5 Bxd5 21. Rxd5 f5 22. exf5 Rxf5 23. c3 Nf6 24. Qc2 Nxd5 25. Qxf5 Nxe3 26. Rxe3 Qc5 27. Kf1 Qc4+ 28. Re2 Bf6 29. Nc2 Rd8 30. Ne3 Qf7 31. Ng4 Bg5 32. Qe4 Rc8 33. Qd3 Rc4 34. Nf2 Be7 35. Qe3 Bg5 36. Qd3 Qc7 37. Ne4 Be7 38. Rd2 Rc6 39. Ke2 Qb6 40. Qd5+ Kf8 41. Rd1 a5 42. b4 axb4 43. axb4 Qa6 44. Kf2 Bh4+ 45. g3 Be7 46. Kg2 Qb6 47. Rd3 Qc7 48. f4 exf4 49. Rf3 g5 50. gxf4 g4 51. Qf5+ Ke8 52. Qxg4 d5 53. Qg8+ Kd7 54. Qxd5+ Kc8 55. Qxb5 Qd7 56. Rg3 Qe6 57. Qe5 Qa2+ 58. Kh3 Qf7 59. Rg7 1-0

[Event "Maisonneuve mem."]
[Site "Gatineau CAN"]
[Date "2011.11.08"]
[Round "3"]
[White "Jiang, Qizhe"]
[Black "Legare, Gilles"]
[Result "1-0"]
[WhiteElo "1340"]
[BlackElo "1125"]
[PlyCount "109"]
[GameId "2160767909647879"]
[EventDate "2011.10.25"]
[EventType "swiss"]
[EventRounds "4"]
[EventCountry "CAN"]
[SourceTitle "EXT 2022"]
[Source "ChessBase"]
[SourceDate "2021.10.06"]
[SourceVersion "1"]
[SourceVersionDate "2021.10.06"]
[SourceQuality "1"]

1. e4 e5 2. Nf3 Nc6 3. Bc4 d6 4. O-O Nh6 5. c3 Be6 6. Bb3 Be7 7. d4 Bxb3 8. Qxb3 Qc8 9. Qa4 O-O 10. Na3 Nb8 11. dxe5 Nd7 12. exd6 cxd6 13. Qd4 Nf6 14. e5 Nf5 15. Qd3 dxe5 16. Nxe5 Rd8 17. Qe2 Bd6 18. Ng4 Nxg4 19. Qxg4 Re8 20. Nc4 Bc7 21. Qf3 Nh4 22. Qh5 Ng6 23. Be3 b5 24. Qxb5 a6 25. Qa4 Qb7 26. Qc2 Nh4 27. f3 Ng6 28. Bf2 Qb8 29. g3 h5 30. Ne3 h4 31. Kg2 hxg3 32. hxg3 Qb7 33. Rad1 Ne5 34. Bg1 Ng6 35. Nd5 Be5 36. Bd4 Qxd5 37. Bxe5 Qxe5 38. Kf2 Qe3+ 39. Kg2 Qg5 40. c4 Re6 41. f4 Qg4 42. Rde1 Rxe1 43. Rxe1 Nxf4+ 44. Kf2 Nh3+ 45. Kg2 Nf4+ 46. Kf2 Qh3 47. Kf3 Nh5 48. Rg1 Nf6 49. c5 Qh5+ 50. Kg2 Ng4 51. Qe4 Nf6 52. Qxa8+ Kh7 53. Rh1 Qxh1+ 54. Kxh1 Ng4 55. Qe4+ 1-0

[Event "Maisonneuve mem."]
[Site "Gatineau CAN"]
[Date "2011.11.08"]
[Round "3"]
[White "Legault, Stephane"]
[Black "Danilov, Alex"]
[Result "0-1"]
[WhiteElo "1522"]
[BlackElo "1745"]
[PlyCount "108"]
[GameId "2160767909647880"]
[EventDate "2011.10.25"]
[EventType "swiss"]
[EventRounds "4"]
[EventCountry "CAN"]
[SourceTitle "EXT 2022"]
[Source "ChessBase"]
[SourceDate "2021.10.06"]
[SourceVersion "1"]
[SourceVersionDate "2021.10.06"]
[SourceQuality "1"]

1. e4 c5 2. Nc3 e6 3. Nf3 Nc6 4. d3 Qc7 5. g3 Nf6 6. Bg2 a6 7. O-O Be7 8. Bf4 d6 9. Re1 e5 10. Bg5 Be6 11. a3 Qd7 12. Bxf6 Bxf6 13. Nd5 Bd8 14. Qd2 h6 15. b4 O-O 16. bxc5 dxc5 17. Reb1 b5 18. c4 Rb8 19. Qe3 Qa7 20. cxb5 axb5 21. Nc3 Nd4 22. Rb2 Ba5 23. Rc1 Nb3 24. Rcc2 Nd4 25. Rc1 Bc7 26. Nd5 Bxd5 27. exd5 Qxa3 28. Rcb1 Rfe8 29. Nxd4 exd4 30. Qd2 Qc3 31. Be4 Bd6 32. Qd1 Qa5 33. Qg4 b4 34. Qf5 g6 35. Qg4 Qc7 36. f4 h5 37. Qf3 f5 38. Bxf5 gxf5 39. Qxh5 Qh7 40. Qg5+ Kf7 41. Ra2 Be7 42. Ra7 Qg6 43. d6 Qxg5 44. fxg5 Kf8 45. dxe7+ Rxe7 46. Ra6 Kg7 47. Rf1 b3 48. h4 b2 49. Rb1 Re2 50. h5 Rc2 51. Rg6+ Kf7 52. Rf6+ Ke7 53. Re1+ Kd7 54. Rf7+ Kc6 0-1

[Event "Maisonneuve mem."]
[Site "Gatineau CAN"]
[Date "2011.11.08"]
[Round "3"]
[White "Lemieux, Denis"]
[Black "Traversy, Pierre"]
[Result "1-0"]
[WhiteElo "1417"]
[BlackElo "1115"]
[PlyCount "75"]
[GameId "2160767909647881"]
[EventDate "2011.10.25"]
[EventType "swiss"]
[EventRounds "4"]
[EventCountry "CAN"]
[SourceTitle "EXT 2022"]
[Source "ChessBase"]
[SourceDate "2021.10.06"]
[SourceVersion "1"]
[SourceVersionDate "2021.10.06"]
[SourceQuality "1"]

1. d4 d5 2. c4 Nf6 3. Nc3 e6 4. Bf4 c6 5. e3 Nbd7 6. h3 Bb4 7. a3 Bxc3+ 8. bxc3 O-O 9. Nf3 Re8 10. Bd3 Ne4 11. Bxe4 Nf6 12. Bd3 Ne4 13. Bxe4 dxe4 14. Nd2 f5 15. Qc2 Re7 16. Bg5 Rb8 17. O-O Qe8 18. Bxe7 Qxe7 19. f3 exf3 20. Nxf3 c5 21. Ne5 Bd7 22. Nxd7 Qxd7 23. Rad1 Qe7 24. d5 Rd8 25. e4 Rf8 26. exf5 e5 27. Qe4 Qd6 28. Rde1 Re8 29. Re3 Qf6 30. Rfe1 h6 31. Rg3 Kh8 32. Rg6 Qe7 33. f6 Qf7 34. Rf1 Rg8 35. fxg7+ Rxg7 36. Rxf7 Rxf7 37. Qxe5+ Kh7 38. Qh5 1-0

[Event "Maisonneuve mem."]
[Site "Gatineau CAN"]
[Date "2011.11.08"]
[Round "3"]
[White "Libersan, Mattieu"]
[Black "Martin, Steve"]
[Result "1-0"]
[WhiteElo "1819"]
[BlackElo "1684"]
[PlyCount "37"]
[GameId "2160767909647882"]
[EventDate "2011.10.25"]
[EventType "swiss"]
[EventRounds "4"]
[EventCountry "CAN"]
[SourceTitle "EXT 2022"]
[Source "ChessBase"]
[SourceDate "2021.10.06"]
[SourceVersion "1"]
[SourceVersionDate "2021.10.06"]
[SourceQuality "1"]

1. e4 e6 2. d4 d5 3. Nc3 Bb4 4. Nge2 dxe4 5. a3 Bxc3+ 6. Nxc3 Nc6 7. Bb5 Bd7 8. Nxe4 Qh4 9. Qd3 f5 10. Nc5 a6 11. Bxc6 Bxc6 12. Nxe6 Kd7 13. Nc5+ Kd6 14. O-O Be4 15. Nxe4+ Qxe4 16. Qg3+ Kc6 17. Bf4 Re8 18. Qc3+ Kb6 19. Qc5# 1-0

[Event "Maisonneuve mem."]
[Site "Gatineau CAN"]
[Date "2011.11.08"]
[Round "3"]
[White "Roth, Gerhard"]
[Black "Simard, Paul"]
[Result "1-0"]
[WhiteElo "1250"]
[BlackElo "1165"]
[PlyCount "33"]
[GameId "2160767909647883"]
[EventDate "2011.10.25"]
[EventType "swiss"]
[EventRounds "4"]
[EventCountry "CAN"]
[SourceTitle "EXT 2022"]
[Source "ChessBase"]
[SourceDate "2021.10.06"]
[SourceVersion "1"]
[SourceVersionDate "2021.10.06"]
[SourceQuality "1"]

1. e4 c5 2. d4 d6 3. Bc4 g6 4. dxc5 e5 5. Nf3 Be6 6. Bxe6 fxe6 7. cxd6 Bxd6 8. O-O Nf6 9. Nc3 O-O 10. Bg5 Qb6 11. Be3 Qa6 12. Re1 Nbd7 13. Ng5 Rfe8 14. Qf3 Rac8 15. h4 Nh5 16. Qf7+ Kh8 17. Qxh7# 1-0

[Event "Maisonneuve mem."]
[Site "Gatineau CAN"]
[Date "2011.11.15"]
[Round "4"]
[White "Bellgrau, Marian"]
[Black "Desjardins, Michel"]
[Result "1/2-1/2"]
[WhiteElo "1847"]
[BlackElo "1862"]
[PlyCount "68"]
[GameId "2160767909647884"]
[EventDate "2011.10.25"]
[EventType "swiss"]
[EventRounds "4"]
[EventCountry "CAN"]
[SourceTitle "EXT 2022"]
[Source "ChessBase"]
[SourceDate "2021.10.06"]
[SourceVersion "1"]
[SourceVersionDate "2021.10.06"]
[SourceQuality "1"]

1. e4 d5 2. exd5 Qxd5 3. Nc3 Qd6 4. d4 Nf6 5. g3 Nc6 6. Nb5 Qd8 7. Bf4 Nd5 8. Qf3 e6 9. O-O-O a6 10. Nc3 Nxf4 11. Qxf4 Bd6 12. Qe4 O-O 13. f4 Bd7 14. Nf3 Re8 15. Bd3 g6 16. h4 Nb4 17. h5 Bc6 18. Qe3 Nxd3+ 19. Rxd3 Qf6 20. Rh2 Qf5 21. hxg6 fxg6 22. Ne5 Bxe5 23. fxe5 Rf8 24. d5 exd5 25. Nxd5 Bxd5 26. Rxd5 Rad8 27. Rxd8 Rxd8 28. Rf2 Qe6 29. b3 Re8 30. Re2 b6 31. Qh6 Qf5 32. Qe3 Re6 33. Kb2 c5 34. a4 a5 1/2-1/2

[Event "Maisonneuve mem."]
[Site "Gatineau CAN"]
[Date "2011.11.15"]
[Round "4"]
[White "Danilov, Alex"]
[Black "Dagenais, Benoit"]
[Result "1/2-1/2"]
[WhiteElo "1745"]
[BlackElo "1686"]
[PlyCount "69"]
[GameId "2160767909647885"]
[EventDate "2011.10.25"]
[EventType "swiss"]
[EventRounds "4"]
[EventCountry "CAN"]
[SourceTitle "EXT 2022"]
[Source "ChessBase"]
[SourceDate "2021.10.06"]
[SourceVersion "1"]
[SourceVersionDate "2021.10.06"]
[SourceQuality "1"]

1. c4 Nf6 2. g3 g6 3. Bg2 Bg7 4. Nc3 d6 5. e4 c5 6. Nge2 Nc6 7. d3 O-O 8. h3 Ne8 9. O-O Nc7 10. Be3 Ne6 11. Rb1 Ned4 12. Kh2 Qd7 13. Qd2 f5 14. f4 e5 15. Nd5 Nxe2 16. Qxe2 Nd4 17. Qd2 fxe4 18. dxe4 exf4 19. gxf4 b6 20. Rf2 Bb7 21. Rbf1 Bxd5 22. cxd5 Rae8 23. b4 Qe7 24. bxc5 bxc5 25. Qd3 Rf7 26. Qc4 Ref8 27. Qa6 Qc7 28. e5 dxe5 29. d6 Qb6 30. Qxb6 axb6 31. Bd5 e4 32. Bxe4 Rd7 33. Bd5+ Kh8 34. a4 Rxd6 35. Bc4 1/2-1/2